Atatürk (Record no. 627)

MARC details
000 -BAŞLIK
Sabit Uzunlukta Kontrol Alanı 00678na a2200253 4500
001 - KONTROL NUMARASI
Denetim Alanı 13893
003 - KONTROL NUMARASI IDENTIFIER
Denetim Alanı MIRAKIL
005 - SON İŞLEM TARİHİ VE ZAMANI
Denetim Alanı 20181213154755.0
008 - SABİT-BOY VERİ ELEMANLARI - GENEL BİLGİLER
Sabit Uzunlukta Kontrol Alanı 160820b tu 000 0
020 ## - ULUSLARARASI STANDART KİTAP NUMARASI
Uluslararası Standart Kitap Numarası 9751603161
035 ## - SİSTEM KONTROL NUMARASI
Sistem Kontrol Numarası 13893
040 ## - KATALOGLAMA KAYNAK
Orijinal Kataloglama Ajansı Milas
Kataloglama Dili tur
Metne Dönüştürmek Ajansı TR-AnCHP
082 ## - DEWEY ONLU SINIFLANDIRMA NUMARASI
Sınıflandırma Numarası ATA 812
Ürün Numarası O24 1991
090 ## - SINIFLAMA NUMARASI
Sınıflama Numarası ATA 812 O24a 1991
100 ## - ANA GİRİŞ - KİŞİSEL İSİM
Kişisel Ad Oflazoğlu, A. Turhan
245 ## - BAŞLIK TABLOSU
Başlık Atatürk
250 ## - EDITION TABLOSU
Baskı Beyanı 2. bs.
260 ## - YAYIN, DAĞITIM, VB
Yayın, Dağıtım, Vb Yeri Ankara
Yayıncı, Dağıtıcı, Vs Adı Türk Tarih Kurumu
Yayın, Dağıtım, Vb Tarihi 1991
300 ## - FİZİKSEL TANIM
Kapsam 63 s.
Boyutlar 24 sm.
490 ## - SERİSİ TABLOSU
Seri Beyanı Tiyatro Eserleri dizisi
Hacim / Ardışık Tanımı 3
490 ## - SERİSİ TABLOSU
Seri Beyanı Türk Tarih Kurumu Yayınları
Hacim / Ardışık Tanımı 19
600 ## - KONU KATMA GİRİŞ - KURUMSAL ADI
Kişisel Ad Atatürk, Mustafa Kemal
Bir Adıyla İlişkilendirilen Tarihler 1881-1938
Genel Alt Bölümü Türk tiyatrosu
942 ## - EKLENDİ GİRİŞ ELEMANLARI (KOHA)
Sınıflandırma Veya Raf Düzeni Kaynak Dewey Decimal Classification
Koha Öğesi Türü Books
999 ## - SİSTEM KONTROL NUMARALARI (KOHA)
Koha Biblionumber 627
Koha Biblioitemnumber 627
Holdings
Kalıcı Konum Mevcut Konum Edinme Tarihi Edinim Kaynak Toplam Check-Out'Lar Tam Çağrı Numarası Barkod Tarih Son Görülme İtibaren Geçerli Fiyatlar Koha Öğesi Türü
CHP Kütüphanesi CHP Kütüphanesi 08/20/2016 Bağış   ATA 812 O24a 1991 001728 08/20/2016 08/20/2016 Books